000 00905nam a2200241 i 4500
001 158775
003 ES-MaACL
005 20250724100830.0
008 000609q1875 sp |||| | spa d
080 _a582.3/.9
100 1 _aMarion, Fulgence.
_9129506
245 1 4 _aLas maravillas de la vegetación /
_cpor Fulgencio Marion ; traducción de Manuel Aranda y Sanjuán.
250 _aEd. ilustrada con 18 grabados.
260 _aBarcelona :
_bTrilla y Serra,
_c[ca. 1875]
300 _a63 p. :
_bil. ;
_c29 cm.
490 1 _aBiblioteca de las maravillas
596 _aSegún el Cat. Col. del s.XIX, Trilla y Serra editó entre 1875 y 1882.
650 7 _aPlantas
_2embne
_9146656
700 1 _aAranda y Sanjuán, Manuel,
_d1845-1900
_922295
830 1 _aBiblioteca de las maravillas
_9182500
852 4 _aES-MaACL
_jFol-Laf-45
_z- Legado Modesto Lafuente
999 _c158775
_d158775